[Event "VIE-ch (Women)"]
[Site "Hanoi"]
[Date "2024.03.11"]
[Round "1"]
[White "Vu, Bui Thi Thanh Van"]
[Black "Duong, Ngoc Nga"]
[Result "1-0"]
[WhiteElo "1875"]
[BlackElo "1649"]
[PlyCount "95"]
[EventDate "2024.03.11"]
[EventType "swiss"]
[EventRounds "9"]
[EventCountry "VIE"]
[SourceTitle "CB13_2024"]
[SourceDate "2024.03.27"]
[SourceVersion "1"]
[SourceVersionDate "2024.03.27"]
[SourceQuality "1"]

1. d4 Nf6 2. Nf3 b6 3. e3 Bb7 4. Bd3 e6 5. Nbd2 d5 6. Ne5 Bd6 7. f4 c5 8. c3 0-0 9. Qf3 Nc6 10. 0-0 Ne7 11. g4 Bc7 12. Qg2 Nc8 13. g5 Ne4 14. Nxe4 dxe4 15. Bxe4 Bxe4 16. Qxe4 Nd6 17. Qg2 cxd4 18. cxd4 b5 19. Bd2 Bb6 20. Bb4 Re8 21. Bxd6 Qxd6 22. Rac1 Rac8 23. Qb7 Rc7 24. Rxc7 Qxc7 25. Qxc7 Bxc7 26. Rc1 Bxe5 27. fxe5 h6 28. gxh6 gxh6 29. Rc7 a6 30. Kf2 Kg7 31. Kf3 Kg6 32. Kf4 Rd8 33. b4 Rb8 34. Rc6 Kg7 35. e4 Rd8 36. Ke3 Kg6 37. d5 Re8 38. d6 Rd8 39. Kd4 f6 40. exf6 Kxf6 41. e5+ Kf5 42. Rc7 Rf8 43. Rg7 Re8 44. d7 Rd8 45. Re7 h5 46. h4 Kg4 47. Kc5 Kf5 48. Kd6 1-0

[Event "Eastern Asia-ch U16-18 Girls 7th"]
[Site "Hainan"]
[Date "2023.08.04"]
[Round "1"]
[White "Kong, Zi Yau Bernadette"]
[Black "Vu, Bui Thi Thanh Van"]
[Result "0-1"]
[WhiteElo "1549"]
[BlackElo "1876"]
[PlyCount "120"]
[EventDate "2023.08.04"]
[EventType "swiss"]
[EventRounds "9"]
[EventCountry "CHN"]
[SourceTitle "EXT 2024"]
[Source "ChessBase"]
[SourceDate "2023.10.10"]
[SourceVersion "1"]
[SourceVersionDate "2023.10.10"]
[SourceQuality "1"]

1. e4 e6 2. d4 d5 3. Nc3 Nf6 4. e5 Nfd7 5. Nce2 c5 6. c3 Nc6 7. f4 Qb6 8. Nf3 Be7 9. g3 0-0 10. Bh3 Re8 11. 0-0 Nf8 12. Kh1 Qc7 13. Be3 cxd4 14. cxd4 Bd7 15. Nc3 Na5 16. Qe2 Nc4 17. Bf2 b5 18. Rac1 Qb7 19. b3 Na5 20. Rg1 Rac8 21. Be3 Rc7 22. Qb2 Rec8 23. Ne2 Nc6 24. Ne1 Qa6 25. Nc2 Na5 26. g4 b4 27. Ne1 Rxc1 28. Bxc1 Qc6 29. Bd2 Qa6 30. Nc1 Bb5 31. f5 Bc6 32. Ncd3 Nc4 33. Qc1 Nxd2 34. Qxd2 Bb5 35. Nxb4 Qa5 36. Nec2 Rxc2 37. Qxc2 Qxb4 38. Qf2 Qc3 39. Rg3 Qc1+ 40. Rg1 Qc3 41. Rg3 Qc1+ 42. Rg1 Qh6 43. Bg2 Bg5 44. Qc2 Be3 45. Rd1 Qf4 46. h3 Bxd4 47. fxe6 fxe6 48. a4 Bxe5 49. Bxd5 exd5 50. axb5 Qf3+ 51. Kg1 Qxh3 52. Qg2 Qxg2+ 53. Kxg2 d4 54. Kf2 Kf7 55. Ra1 Bb8 56. Ra6 Nd7 57. Ra4 d3 58. Rd4 Ne5 59. Rd8 Bc7 60. Rd4 Bb6 0-1

[Event "Titled Tuesday intern op 21st Jun Late"]
[Site "Chess.com INT"]
[Date "2022.06.21"]
[Round "1"]
[White "Bayo Milagro, Alvaro"]
[Black "Vu, Bui Thi Thanh Van"]
[Result "1-0"]
[WhiteElo "2285"]
[BlackElo "1850"]
[PlyCount "75"]
[EventDate "2022.06.21"]
[EventType "swiss (blitz)"]
[EventRounds "11"]
[EventCountry "USA"]
[SourceTitle "EXT 2023"]
[Source "ChessBase"]
[SourceDate "2022.10.05"]
[SourceVersion "1"]
[SourceVersionDate "2022.10.05"]
[SourceQuality "1"]

1. d4 f5 2. g3 Nf6 3. Bg2 e6 4. c4 Be7 5. Nf3 0-0 6. 0-0 d6 7. b4 a5 8. b5 Nbd7 9. Ba3 Ne4 10. Nbd2 Ndf6 11. Rc1 Qe8 12. Nxe4 Nxe4 13. Nd2 d5 14. Bxe7 Qxe7 15. Nf3 c6 16. Ne5 Bd7 17. bxc6 bxc6 18. Bxe4 fxe4 19. Rb1 Rab8 20. Qa4 Rxb1 21. Rxb1 Be8 22. Qxa5 Qf6 23. Qe1 c5 24. e3 cxd4 25. exd4 Bh5 26. Nd7 Qxd4 27. Nxf8 Kxf8 28. cxd5 exd5 29. Qe3 Qe5 30. Qc5+ Kf7 31. Rb7+ Kf6 32. Rb6+ Kf7 33. Qc1 Bf3 34. Rb7+ Kf6 35. h4 Kf5 36. Qg5+ Ke6 37. Re7+ Kd6 38. Qxe5+ 1-0

[Event "Titled Tuesday intern op 21st Jun Late"]
[Site "Chess.com INT"]
[Date "2022.06.21"]
[Round "5"]
[White "Vu, Bui Thi Thanh Van"]
[Black "Estrada Nieto, Julian"]
[Result "1-0"]
[WhiteElo "1850"]
[BlackElo "2263"]
[PlyCount "91"]
[EventDate "2022.06.21"]
[EventType "swiss (blitz)"]
[EventRounds "11"]
[EventCountry "USA"]
[SourceTitle "EXT 2023"]
[Source "ChessBase"]
[SourceDate "2022.10.05"]
[SourceVersion "1"]
[SourceVersionDate "2022.10.05"]
[SourceQuality "1"]

1. e4 e5 2. Nf3 Nc6 3. Bb5 a6 4. Ba4 Nf6 5. 0-0 Be7 6. Re1 b5 7. Bb3 d6 8. c3 0-0 9. h3 Bb7 10. d4 Re8 11. Bxf7+ Kxf7 12. Qb3+ Kf8 13. Ng5 d5 14. Ne6+ Kg8 15. Nxd8 Raxd8 16. exd5 Na5 17. Qc2 e4 18. Nd2 Bxd5 19. Nf1 c5 20. Be3 Nc4 21. Rad1 Nxe3 22. Nxe3 Bb7 23. Nf5 c4 24. Qd2 Bc8 25. Qg5 Bxf5 26. Qxf5 Rd5 27. Qe6+ Kf8 28. Qxa6 Bd6 29. Re2 Re6 30. Qc8+ Kf7 31. Rde1 Re8 32. Qb7+ Re7 33. Qc6 Re6 34. Kf1 Bf4 35. Qb7+ Re7 36. Qa6 e3 37. fxe3 Bg3 38. e4 Rd6 39. Qxb5 Bxe1 40. Qxc4+ Kg6 41. e5 Rdd7 42. Kxe1 Nd5 43. Qd3+ Kf7 44. Qf5+ Kg8 45. Rf2 g6 46. Qf8# 1-0

[Event "Titled Tuesday intern op 21st Jun Late"]
[Site "Chess.com INT"]
[Date "2022.06.21"]
[Round "2"]
[White "Vu, Bui Thi Thanh Van"]
[Black "Koutlas, Nikolaos"]
[Result "1-0"]
[WhiteElo "1850"]
[BlackElo "2318"]
[PlyCount "91"]
[EventDate "2022.06.21"]
[EventType "swiss (blitz)"]
[EventRounds "11"]
[EventCountry "USA"]
[SourceTitle "EXT 2023"]
[Source "ChessBase"]
[SourceDate "2022.10.05"]
[SourceVersion "1"]
[SourceVersionDate "2022.10.05"]
[SourceQuality "1"]

1. d4 d6 2. Nf3 g6 3. e4 Bg7 4. Bd3 e5 5. c3 Ne7 6. 0-0 0-0 7. Re1 Nbc6 8. d5 Nb8 9. c4 a5 10. b3 Na6 11. a3 f5 12. Bd2 Nc5 13. Bc2 fxe4 14. Ng5 Bf5 15. Nc3 Nd3 16. Rf1 c6 17. Ncxe4 cxd5 18. Bxd3 dxe4 19. Bxe4 Qd7 20. Bc3 h6 21. Bxf5 Qxf5 22. Nf3 Rfd8 23. Qe2 Rd7 24. Rad1 Nc6 25. Rd5 Ne7 26. Rd2 e4 27. Nd4 Qg5 28. Ne6 Bxc3 29. Nxg5 Bxd2 30. Qxd2 hxg5 31. Qxg5 Kf7 32. f3 e3 33. Qxe3 Nf5 34. Qe4 Kg7 35. Rd1 Re7 36. Qd3 Rae8 37. g4 Nh4 38. Qd4+ Kh7 39. Qf6 g5 40. Rxd6 Re1+ 41. Kf2 R8e2+ 42. Kg3 Rg2+ 43. Kh3 Rg3+ 44. Kxg3 Rg1+ 45. Kh3 Rg3+ 46. Kxg3 1-0

[Event "Titled Tuesday intern op 29th June"]
[Site "Chess.com INT"]
[Date "2021.06.29"]
[Round "2"]
[White "Vu, Bui Thi Thanh Van"]
[Black "Navalgund, Niranjan"]
[Result "0-1"]
[WhiteElo "1750"]
[BlackElo "2289"]
[PlyCount "64"]
[EventDate "2021.06.29"]
[EventType "swiss (blitz)"]
[EventRounds "11"]
[EventCountry "USA"]
[SourceTitle "CBM 203 Extra"]
[Source "ChessBase"]
[SourceDate "2021.09.30"]
[SourceVersion "1"]
[SourceVersionDate "2021.09.30"]
[SourceQuality "1"]

1. d4 Nf6 2. Nf3 e6 3. Nbd2 c5 4. e3 b6 5. Bd3 Bb7 6. c3 d5 7. Ne5 Bd6 8. f4 0-0 9. Qf3 Nc6 10. 0-0 Ne7 11. g4 Ne8 12. Qh3 g6 13. Ndf3 f6 14. Qh6 Ng7 15. Nh4 fxe5 16. dxe5 Bc7 17. Nf3 Nef5 18. gxf5 Nxf5 19. Bxf5 Rxf5 20. Ng5 Qd7 21. Rf3 Bd8 22. h4 d4 23. e4 Bxg5 24. hxg5 Bxe4 25. Rh3 dxc3 26. Be3 cxb2 27. Rf1 b1Q 28. Rxb1 Bxb1 29. Kg2 Be4+ 30. Kf2 Rf7 31. Qh4 Qd3 32. Bc1 Qc2+ 0-1

[Event "Titled Tuesday intern op 29th June"]
[Site "Chess.com INT"]
[Date "2021.06.29"]
[Round "6"]
[White "Vu, Bui Thi Thanh Van"]
[Black "Zhuravlev, Alexey"]
[Result "1-0"]
[WhiteElo "1750"]
[BlackElo "2359"]
[PlyCount "93"]
[EventDate "2021.06.29"]
[EventType "swiss (blitz)"]
[EventRounds "11"]
[EventCountry "USA"]
[SourceTitle "CBM 203 Extra"]
[Source "ChessBase"]
[SourceDate "2021.09.30"]
[SourceVersion "1"]
[SourceVersionDate "2021.09.30"]
[SourceQuality "1"]

1. d4 Nf6 2. Nf3 g6 3. Nbd2 Bg7 4. e4 d6 5. Bd3 0-0 6. 0-0 c5 7. c3 Nc6 8. Re1 e5 9. Nb3 b6 10. Bg5 h6 11. Bh4 g5 12. Bg3 Nh5 13. dxc5 Nxg3 14. hxg3 dxc5 15. Bb5 Qc7 16. Nbd2 Be6 17. Qa4 Na5 18. Nf1 a6 19. Be2 b5 20. Qc2 Nc4 21. Bxc4 Bxc4 22. Ne3 Be6 23. c4 Rad8 24. Red1 Rd4 25. Nxd4 exd4 26. Nd5 Qd6 27. b3 f5 28. Re1 fxe4 29. Qxe4 Bf5 30. Ne7+ Kh8 31. Nxf5 Qf6 32. Nxg7 Qxf2+ 33. Kh2 Kxg7 34. Rf1 Qxf1 35. Rxf1 Rxf1 36. Qb7+ Rf7 37. Qd5 bxc4 38. bxc4 Kf6 39. Kh3 h5 40. Kh2 g4 41. Kg1 Re7 42. Kf2 Re5 43. Qd6+ Kf5 44. Qd7+ Ke4 45. Qh7+ Rf5+ 46. Ke2 Ke5 47. Qe7# 1-0

[Event "Titled Tuesday intern op 29th June"]
[Site "Chess.com INT"]
[Date "2021.06.29"]
[Round "8"]
[White "Yonal, Timur"]
[Black "Vu, Bui Thi Thanh Van"]
[Result "0-1"]
[WhiteElo "1818"]
[BlackElo "1750"]
[PlyCount "70"]
[EventDate "2021.06.29"]
[EventType "swiss (blitz)"]
[EventRounds "11"]
[EventCountry "USA"]
[SourceTitle "CBM 203 Extra"]
[Source "ChessBase"]
[SourceDate "2021.09.30"]
[SourceVersion "1"]
[SourceVersionDate "2021.09.30"]
[SourceQuality "1"]

1. e4 e6 2. d4 d5 3. Nc3 Nf6 4. Bg5 dxe4 5. Nxe4 Be7 6. Bxf6 gxf6 7. Nf3 f5 8. Ng3 c6 9. c4 Nd7 10. Be2 Qa5+ 11. Nd2 b6 12. 0-0 Bb7 13. a3 c5 14. d5 exd5 15. Nb3 Qa4 16. cxd5 0-0-0 17. Nxf5 Bf8 18. Bf3 Qf4 19. Ne3 Ne5 20. Nd2 Rg8 21. Kh1 Bd6 22. g3 Qh6 23. Bg2 Nd3 24. Ne4 Nxb2 25. Qc2 Be5 26. Rab1 Qg7 27. Nf5 Qf8 28. Rxb2 Bxb2 29. Qxb2 Rxd5 30. Ne3 Rd4 31. Nf6 Rg6 32. Bxb7+ Kxb7 33. Nh5 Qd6 34. Kg1 Rh6 35. Ng7 Rd2 0-1

[Event "Titled Tuesday intern op 22nd June"]
[Site "Chess.com INT"]
[Date "2021.06.22"]
[Round "1"]
[White "Vu, Bui Thi Thanh Van"]
[Black "Reshetkov, Kirill"]
[Result "0-1"]
[WhiteElo "1750"]
[BlackElo "2197"]
[PlyCount "74"]
[EventDate "2021.06.22"]
[EventType "swiss (blitz)"]
[EventRounds "11"]
[EventCountry "USA"]
[SourceTitle "CBM 203 Extra"]
[Source "ChessBase"]
[SourceDate "2021.09.30"]
[SourceVersion "1"]
[SourceVersionDate "2021.09.30"]
[SourceQuality "1"]

1. d4 Nf6 2. Nf3 c5 3. e3 d5 4. c3 Qb6 5. Bd3 Nc6 6. 0-0 Bg4 7. Nbd2 e6 8. Qa4 Bd6 9. dxc5 Bxc5 10. Ne5 Bh5 11. Bb5 Rc8 12. Nxc6 bxc6 13. Ba6 Rb8 14. Nb3 0-0 15. Bd3 Bd6 16. Qh4 Bg6 17. Bxg6 hxg6 18. Nd2 Qa6 19. Nf3 Ne4 20. Ng5 Nxg5 21. Qxg5 Qd3 22. Qg4 Rfc8 23. Qd4 Qa6 24. b3 c5 25. Qd2 c4 26. Bb2 cxb3 27. axb3 Qb6 28. b4 Be5 29. Ra3 a6 30. Rfa1 Ra8 31. Qd3 Rc6 32. b5 Rc4 33. Rxa6 Rxa6 34. Rxa6 Qxb5 35. Ra8+ Kh7 36. Ba1 Rb4 37. h3 Qxd3 0-1

[Event "Titled Tuesday intern op 22nd June"]
[Site "Chess.com INT"]
[Date "2021.06.22"]
[Round "9"]
[White "Vu, Bui Thi Thanh Van"]
[Black "Terletsky, Oleg"]
[Result "0-1"]
[WhiteElo "1750"]
[BlackElo "2195"]
[PlyCount "80"]
[EventDate "2021.06.22"]
[EventType "swiss (blitz)"]
[EventRounds "11"]
[EventCountry "USA"]
[SourceTitle "CBM 203 Extra"]
[Source "ChessBase"]
[SourceDate "2021.09.30"]
[SourceVersion "1"]
[SourceVersionDate "2021.09.30"]
[SourceQuality "1"]

1. d4 Nf6 2. Nf3 g6 3. Nbd2 d5 4. e3 Bg7 5. b4 a5 6. b5 a4 7. Be2 0-0 8. 0-0 c5 9. c4 cxd4 10. exd4 Ne4 11. Ba3 Nc3 12. Qe1 Nxe2+ 13. Qxe2 Re8 14. c5 Bg4 15. Qd3 Nd7 16. Rfe1 Qa5 17. Rab1 Rac8 18. Bb4 Qc7 19. Qa3 Ra8 20. Rbc1 Bh6 21. Rc2 Bf5 22. Rc3 e5 23. c6 exd4 24. cxd7 Rxe1+ 25. Nxe1 dxc3 26. Bxc3 d4 27. Bb4 Qxd7 28. Ndf3 d3 29. Qc3 d2 30. Nxd2 Rc8 31. Qb2 Qe6 32. Ndf3 Bg7 33. Qa3 Qe2 34. Qxa4 Bd3 35. Nxd3 Qxd3 36. h3 h6 37. Kh2 Qe4 38. Qb3 Qf4+ 39. g3 Qe4 40. Kg2 Rd8 0-1

[Event "Speed Chess (Women) Q7"]
[Site "Chess.com INT"]
[Date "2021.06.06"]
[Round "1"]
[White "Vu, Bui Thi Thanh Van"]
[Black "Bivol, Alina"]
[Result "0-1"]
[WhiteElo "1750"]
[BlackElo "2374"]
[PlyCount "60"]
[EventDate "2021.06.06"]
[EventType "swiss (blitz)"]
[EventRounds "21"]
[EventCountry "USA"]
[SourceTitle "CBM 202 Extra"]
[Source "ChessBase"]
[SourceDate "2021.07.31"]
[SourceVersion "1"]
[SourceVersionDate "2021.07.31"]
[SourceQuality "1"]

1. d4 Nf6 2. Nf3 g6 3. e3 Bg7 4. Bd3 d5 5. Nbd2 0-0 6. b4 a5 7. b5 c6 8. a4 Bg4 9. 0-0 Nbd7 10. Bb2 c5 11. c4 cxd4 12. exd4 dxc4 13. Bxc4 Rc8 14. Qb3 e6 15. h3 Bxf3 16. Nxf3 Nb6 17. Be2 Nfd5 18. Rad1 Nf4 19. Bd3 Nxd3 20. Rxd3 Qd5 21. Qd1 Rfd8 22. Qd2 Nc4 23. Qe2 Nxb2 24. Qxb2 Qc4 25. Rfd1 Qc2 26. Qxc2 Rxc2 27. d5 e5 28. Nd2 Bf8 29. Ne4 f5 30. Nf6+ Kg7 0-1

[Event "Speed Chess (Women) Q6"]
[Site "Chess.com INT"]
[Date "2021.06.05"]
[Round "4"]
[White "Frayna, Janelle Mae"]
[Black "Vu, Bui Thi Thanh Van"]
[Result "1-0"]
[WhiteElo "2179"]
[BlackElo "1750"]
[PlyCount "45"]
[EventDate "2021.06.05"]
[EventType "swiss (blitz)"]
[EventRounds "13"]
[EventCountry "USA"]
[SourceTitle "CBM 202 Extra"]
[Source "ChessBase"]
[SourceDate "2021.07.31"]
[SourceVersion "1"]
[SourceVersionDate "2021.07.31"]
[SourceQuality "1"]

1. e4 e6 2. d4 d5 3. Nc3 Nf6 4. e5 Nfd7 5. f4 c5 6. Nf3 Nc6 7. Be3 a6 8. Qd2 b5 9. dxc5 Bxc5 10. 0-0-0 Qb6 11. Bxc5 Nxc5 12. Nd4 Bd7 13. Nxc6 Bxc6 14. Bd3 a5 15. Kb1 b4 16. Ne2 0-0 17. g4 a4 18. f5 b3 19. cxb3 axb3 20. a3 Qb7 21. f6 g6 22. Qh6 d4 23. Qg7# 1-0

[Event "Speed Chess (Women) Q6"]
[Site "Chess.com INT"]
[Date "2021.06.05"]
[Round "8"]
[White "Vu, Bui Thi Thanh Van"]
[Black "Klinova, Masha"]
[Result "1-0"]
[WhiteElo "1750"]
[BlackElo "2275"]
[PlyCount "109"]
[EventDate "2021.06.05"]
[EventType "swiss (blitz)"]
[EventRounds "13"]
[EventCountry "USA"]
[SourceTitle "CBM 202 Extra"]
[Source "ChessBase"]
[SourceDate "2021.07.31"]
[SourceVersion "1"]
[SourceVersionDate "2021.07.31"]
[SourceQuality "1"]

1. d4 d6 2. Nf3 g6 3. Nbd2 Bg7 4. e4 Nf6 5. Bd3 0-0 6. 0-0 Nc6 7. c3 e5 8. Re1 Re8 9. Nf1 Bg4 10. d5 Ne7 11. c4 a5 12. a3 a4 13. Be3 Bd7 14. c5 Ng4 15. cxd6 cxd6 16. Bd2 Qb6 17. Qe2 f5 18. Bb4 fxe4 19. Bxe4 Nf5 20. N1d2 Bh6 21. Nc4 Qa6 22. Bxf5 gxf5 23. Nxd6 Red8 24. h3 e4 25. Nd4 Qxe2 26. Rxe2 Ne5 27. N4xf5 Nd3 28. Nxh6+ Kg7 29. Nhf5+ Bxf5 30. Nxf5+ Kf6 31. Ng3 Nxb4 32. axb4 Rxd5 33. Nxe4+ Kg6 34. Ng3 Rb5 35. Re4 Rd8 36. Rxa4 Rd2 37. Ra8 Rxb2 38. Rg8+ Kf7 39. Rgg4 h6 40. Rgf4+ Kg7 41. Nf5+ Kg6 42. Ne7+ Kg7 43. Nf5+ Kg6 44. Ne3 Rb1+ 45. Kh2 Rb6 46. g4 Rd6 47. Rd4 Rc6 48. h4 Rc3 49. h5+ Kg7 50. Rd7+ Kg8 51. Nf5 Rc8 52. Nxh6+ Kh8 53. Nf7+ Kg8 54. Nh6+ Kh8 55. Rff7 1-0

[Event "Speed Chess (Women) Q6"]
[Site "Chess.com INT"]
[Date "2021.06.05"]
[Round "2"]
[White "Vu, Bui Thi Thanh Van"]
[Black "Padmini, Rout"]
[Result "0-1"]
[WhiteElo "1750"]
[BlackElo "2370"]
[PlyCount "70"]
[EventDate "2021.06.05"]
[EventType "swiss (blitz)"]
[EventRounds "13"]
[EventCountry "USA"]
[SourceTitle "CBM 202 Extra"]
[Source "ChessBase"]
[SourceDate "2021.07.31"]
[SourceVersion "1"]
[SourceVersionDate "2021.07.31"]
[SourceQuality "1"]

1. d4 Nf6 2. Nf3 g6 3. Nbd2 d5 4. e3 Bg7 5. b4 0-0 6. Be2 Bg4 7. Bb2 Qd6 8. a3 Nbd7 9. 0-0 Ne4 10. c4 Nxd2 11. Nxd2 Bxe2 12. Qxe2 e5 13. dxe5 Nxe5 14. Rfd1 Qa6 15. b5 Qe6 16. cxd5 Qxd5 17. a4 Rfd8 18. e4 Qd3 19. Qxd3 Rxd3 20. Bxe5 Bxe5 21. Nc4 Bxa1 22. Rxd3 a6 23. Rd1 axb5 24. axb5 Kg7 25. Kf1 Bc3 26. Ke2 Ra2+ 27. Kf3 Bb4 28. Rd7 Bc5 29. Ne3 Bb6 30. g3 Rb2 31. Rd5 h5 32. Nd1 Rb3+ 33. Kg2 Kf6 34. f4 Ke6 35. Kh3 f5 0-1

[Event "Speed Chess (Women) Q5"]
[Site "Chess.com INT"]
[Date "2021.06.04"]
[Round "1"]
[White "Antolak, Julia"]
[Black "Vu, Bui Thi Thanh Van"]
[Result "1-0"]
[WhiteElo "2309"]
[BlackElo "1750"]
[PlyCount "103"]
[EventDate "2021.06.04"]
[EventType "swiss (blitz)"]
[EventRounds "9"]
[EventCountry "USA"]
[SourceTitle "CBM 202 Extra"]
[Source "ChessBase"]
[SourceDate "2021.07.31"]
[SourceVersion "1"]
[SourceVersionDate "2021.07.31"]
[SourceQuality "1"]

1. e4 e6 2. d4 d5 3. Nd2 c5 4. exd5 Qxd5 5. Ngf3 cxd4 6. Bc4 Qd6 7. 0-0 Nf6 8. Nb3 Nc6 9. Nbxd4 Nxd4 10. Nxd4 a6 11. Bg5 Be7 12. c3 0-0 13. Qe2 b5 14. Bd3 Bb7 15. Rad1 Nd5 16. Bxe7 Nxe7 17. Qg4 Ng6 18. Nxb5 Qb6 19. Nd4 Rad8 20. Rd2 Rd6 21. Rfd1 Rfd8 22. Bxg6 hxg6 23. Qe2 Qc5 24. Nb3 Qc6 25. f3 Qb6+ 26. Qf2 Qxf2+ 27. Kxf2 Rxd2+ 28. Rxd2 Rxd2+ 29. Nxd2 Kf8 30. Ke3 Ke7 31. Kd4 Kd6 32. Nc4+ Ke7 33. Na5 Bc8 34. Kc5 e5 35. Nc6+ Ke6 36. b4 f5 37. c4 e4 38. fxe4 fxe4 39. b5 axb5 40. cxb5 e3 41. Nd4+ Ke5 42. Ne2 Bb7 43. a4 Bxg2 44. a5 Bf3 45. Nc3 e2 46. Nxe2 Bxe2 47. a6 Bf3 48. b6 Kf4 49. b7 Bxb7 50. axb7 Kf3 51. b8Q Kg2 52. Qg3+ 1-0

[Event "Speed Chess (Women) Q5"]
[Site "Chess.com INT"]
[Date "2021.06.04"]
[Round "8"]
[White "Vu, Bui Thi Thanh Van"]
[Black "Grigoryan, Meri"]
[Result "1-0"]
[WhiteElo "1750"]
[BlackElo "2044"]
[PlyCount "93"]
[EventDate "2021.06.04"]
[EventType "swiss (blitz)"]
[EventRounds "9"]
[EventCountry "USA"]
[SourceTitle "CBM 202 Extra"]
[Source "ChessBase"]
[SourceDate "2021.07.31"]
[SourceVersion "1"]
[SourceVersionDate "2021.07.31"]
[SourceQuality "1"]

1. d4 d5 2. Nf3 Nf6 3. e3 c6 4. Bd3 e6 5. Nbd2 Bd6 6. 0-0 0-0 7. Re1 Bd7 8. e4 dxe4 9. Nxe4 Nxe4 10. Rxe4 f5 11. Re1 Qe8 12. Ne5 Bc8 13. Bf4 Nd7 14. Qf3 Nxe5 15. Bxe5 Bxe5 16. Rxe5 Rf6 17. Rae1 Bd7 18. Bc4 Qf7 19. Bb3 Re8 20. c4 g5 21. h3 h5 22. d5 g4 23. hxg4 hxg4 24. Qf4 Kg7 25. dxe6 Bxe6 26. c5 Rh6 27. Qg5+ Rg6 28. Qh5 Rh8 29. Bxe6 Rxh5 30. Bxf7 Kxf7 31. Re7+ Kf6 32. R1e6+ Kg5 33. Rxg6+ Kxg6 34. Rxb7 f4 35. b4 a5 36. a3 Rd5 37. Rc7 g3 38. Rxc6+ Kg5 39. Kf1 axb4 40. axb4 Rd1+ 41. Ke2 Rb1 42. fxg3 fxg3 43. Rb6 Kf4 44. Rf6+ Ke5 45. Rg6 Kf4 46. Rh6 Rxb4 47. Rh4+ 1-0

[Event "Speed Chess (Women) Q4"]
[Site "Chess.com INT"]
[Date "2021.06.03"]
[Round "5"]
[White "Dong, Khanh Linh"]
[Black "Vu, Bui Thi Thanh Van"]
[Result "1-0"]
[WhiteElo "1970"]
[BlackElo "1750"]
[PlyCount "51"]
[EventDate "2021.06.03"]
[EventType "swiss (blitz)"]
[EventRounds "13"]
[EventCountry "USA"]
[SourceTitle "CBM 202 Extra"]
[Source "ChessBase"]
[SourceDate "2021.07.31"]
[SourceVersion "1"]
[SourceVersionDate "2021.07.31"]
[SourceQuality "1"]

1. e4 e6 2. d4 d5 3. e5 c5 4. c3 Nc6 5. Nf3 Bd7 6. Be2 Qb6 7. 0-0 cxd4 8. cxd4 Nge7 9. Nc3 Nf5 10. Na4 Qd8 11. Be3 Be7 12. Rc1 0-0 13. Nc5 Rb8 14. Qd2 f6 15. exf6 Bxf6 16. Bf4 Ra8 17. Nxb7 Ncxd4 18. Nxd8 Raxd8 19. Rfe1 Rfe8 20. Nxd4 Nxd4 21. Rc7 e5 22. Bg5 Nxe2+ 23. Rxe2 Bb5 24. Bxf6 gxf6 25. Qh6 Bxe2 26. Qg7# 1-0